书目信息 |
| 题名: |
猎奇的后果
|
|
| 作者: | 江户川乱步 著 ;邓青 , 曹宇 译 | |
| 分册: | ||
| 出版信息: | 珠海 珠海出版社 2001.04 |
|
| 页数: | 319页 | |
| 开本: | 21cm | |
| 丛书名: | 乱步惊险侦探小说集 | |
| 单 册: | ||
| 中图分类: | I313.45 | |
| 科图分类: | ||
| 主题词: | 中篇小说--作品集--日本--现代 | |
| 电子资源: | ||
| ISBN: | 7-80607-769-3 | |
| 000 | 00913nam2 2200253 45 | |
| 005 | 20041110160341.16 | |
| 010 | @a7-80607-769-3@dCNY 20.00 | |
| 100 | @a20020510d2001 ekmy0chiy0121 ea | |
| 101 | 1 | @achi@cjpn |
| 102 | @aCN@b440000 | |
| 105 | @ay z 000ay | |
| 200 | 1 | @a猎奇的后果@Alie qi de hou guo@f(日)江户川乱步著@g邓青, 曹宇译 |
| 210 | @a珠海@c珠海出版社@d2001.04 | |
| 215 | @a319页@d21cm | |
| 225 | 2 | @a乱步惊险侦探小说集@v第4辑 |
| 330 | @a青木爱之助是个无聊而又好猎奇的花花公子,他人生的目标就是支追求他从未体验过的刺激。当他某一天看到了一个和他朋友品川四郎长得一模一样的人时,他生活发生了巨大的转变…… | |
| 410 | 0 | @12001 @a乱步惊险侦探小说集 |
| 606 | 0 | @a中篇小说@x作品集@y日本@z现代 |
| 690 | @aI313.45@v4 | |
| 701 | 0 | @a江户川乱步@AJiang hu chuan luan bu@4著 |
| 702 | 0 | @a邓青@Adeng qing@4译 |
| 702 | 0 | @a曹宇@Acao yu@4译 |
| 801 | 0 | @aCN@bQSSK@c20041110 |
| 905 | @a10447@dI313.45@eJ3607 | |
| 猎奇的后果/(日)江户川乱步著/邓青, 曹宇译.-珠海:珠海出版社,2001.04 |
| 319页;21cm.-(乱步惊险侦探小说集;第4辑) |
| ISBN 7-80607-769-3:CNY 20.00 |
| 青木爱之助是个无聊而又好猎奇的花花公子,他人生的目标就是支追求他从未体验过的刺激。当他某一天看到了一个和他朋友品川四郎长得一模一样的人时,他生活发生了巨大的转变…… |
| ● |
| 相关链接 |
|
|
|
正题名:猎奇的后果
索取号:I313.45/J3607
 
预约/预借
| 序号 | 登录号 | 条形码 | 馆藏地/架位号 | 状态 | 备注 |
| 1 | 426708 | 204267088 | 文学库116/ [索取号:I313.45/J3607] | 在馆 | |
| 2 | 426710 | 204267104 | 社科二线422/422社科库 29排2列1层/ [索取号:I313.45/J3607] | 在馆 |